Category Elimination - Singers #1 - Statistics

General Stats
  • This quiz has been taken 55 times
  • The average score is 10 of 20
Answer Stats
Group Hint # Answer % Correct
Blue Spotify Most-Streamed Artists of 2025 35
94%
Blue ...who are male 25
92%
Blue ...whose songs are mostly in english 14
90%
Red Best-Selling Artists of all time 35
81%
Red ...who are a music group 15
75%
Red Artists with the most streams/sales of the 1990s 35
63%
Red ...who has at least one consecutive double letter in their name 7
58%
Red …who have appeared in movies or TV series (not autobiographical or documentaries) 14
56%
Blue Best New Artist Grammy winners since 1990 36
52%
Blue ...who are solo artist 27
52%
Blue ...who have not released a studio album in 2025 6
48%
Red ...at least one of their members is a woman 2
42%
Red …whose stage name is the same as, or very close to their real name… 7
40%
Red ...whose last name is Jackson 2
40%
Red ...and won the Eurovision Song Contest 1 ABBA
38%
Red ...and its still alive 1 Janet Jackson
31%
Blue ...who also won another Grammy in the same year 7
29%
Blue ...who has a song in the soundtruck of the movie "Barbie" (2023) 2
27%
Blue ...and it's a music group 1 Coldplay
8%
Blue ...and its a male artist 1 Sam Smith
2%
No matching quizzes found
Score Distribution
Percent of People with Each Score
Percentile by Number Answered
Your Score History
You have not taken this quiz